000 00419nam a22001697a 4500
003 MPLRDC
005 20220104113706.0
008 210129b ||||| |||| 00| 0 eng d
020 _a962-257-310-X
082 _a848.3 YS v.111 c.3
100 _a亦舒著
245 _a我们不是天使
_c
260 _a
_b天地图书有限公司
_c1990
300 _b
650 _a现代别集
942 _cBK
_o848.3 YS v.111 c.3
999 _c1601
_d1591